000 00439nam a2200157 i 4500
001 87541
003 ES-MaACL
005 20230906175705.0
007 t|
008 041222s1972 sp ||||1| spa d
100 1 _aKuczinski, Juergen.
_968952
245 1 0 _aBreve historia de la Economía /
_cJürger Kuczinski.
260 _a[Madrid] :
_bMiguel Castellote,
_c[1972]
300 _a258 p. ;
_c18 cm.
852 _aES-MaACL
_jC-48684
_bR.80593
999 _c87541
_d87541